| 000 | 00530nam a2200229Ia 4500 | ||
|---|---|---|---|
| 005 | 20250425162649.0 | ||
| 008 | 250425s9999 xx 000 0 und d | ||
| 041 | _aeng | ||
| 043 | _abe | ||
| 082 | _a595.181 | ||
| 100 | _aSORGELOOS, PATRICK | ||
| 245 | 0 | _aARTEMIA RESEARCH AND ITS APPLICATIONS | |
| 250 | _aS.E | ||
| 260 |
_aBélgica _bUNIVERSA PRESS _c1987 |
||
| 260 | _aGANTE/GHENT | ||
| 300 | _a535 | ||
| 650 | _aARTEMIA | ||
| 650 | _aARTEMIA | ||
| 700 | _aBENGTSON, DAVID A. | ||
| 942 | _c01 | ||
| 010 | _a95169 | ||
| 999 |
_c233910 _d233910 |
||